| 000 | 00720nam a2200133 a 4500 | ||
|---|---|---|---|
| 008 | 191205s2016 ||||||||||||||||| || u | ||
| 050 | _aUNCTAD(02)2016/8 | ||
| 110 | _aUnited Nations Conference on Trade and Development (UNCTAD) | ||
| 245 | 1 | 0 |
_aHandbook on the special and preferential tariff scheme of China for the least developed countries. _cUnited Nations Conference on Trade and Development. |
| 260 |
_aNew York: Geneva _bUnited Nations Conference on Trade and Development (UNCTAD) _c2016 |
||
| 300 | _avii, 209pages.: illustrations. | ||
| 500 | _aIncludes bibliography. | ||
| 995 |
_FCBU-MAIN LIBRARY (Kitwe) _M1 _UAVAILABLE _WDec 5, 2019 _ZInternational Publications |
||
| 999 |
_c45357 _d45357 |
||